Augusztusi gondolatok
Elmentve itt :
| Szerző: | |
|---|---|
| Adatforrás: | Meister |
| Forrásdokumentuma: | A Hét. - 34 sz., 1990, 1 p. |
| Nyelv: | magyar |
| Kulcsszavak: | politikai publicisztika totalitarizmus nacionalizmus |
| LEADER | 00380nab a2200145 i 4500 | ||
|---|---|---|---|
| 001 | bibPRO00004732 | ||
| 008 | 060524s1990 xx hun | ||
| 040 | |a Sz1 | ||
| 041 | |a hun | ||
| 100 | 1 | |a GÁLFALVI Zsolt | |
| 245 | 1 | 0 | |a Augusztusi gondolatok |c GÁLFALVI Zsolt |
| 695 | |a politikai publicisztika | ||
| 695 | |a totalitarizmus | ||
| 695 | |a nacionalizmus | ||
| 773 | 0 | |t A Hét. - |g 34 sz., 1990, 1 p. | |